01006nam a2200289 a 450000500170000000800410001702000150005804000270007304100080010004400080010808200200011610000210013624500500015726000510020730000610025850000220031965000250034165000250036665000290039165000360042066200190045670000210047570000210049694200150051799900150053295201690054720200104041535.0140306t1981 mduad fr|||| 001 0 eng d a0801827124 aCO-BoIAVH cCO-BoIAVH 0 aeng axxu04a363.70561bP85e1 aPortney, Paul R.10aEnvironmental regulation and the U.S. economy aBaltimore :bResources for the Future ,c1981. a163 páginas :bIlustraciones, gráficos;c23 x 16 cm. aIncluye índice.16aPolítica ambiental26aEconomía ambiental26aRegulaciones ambientales26aProtección del medio ambiente aEstados Unidos1 aKneese, Allen V.1 aPeskin, Henry M. cLIBRO2ddc c2758d2758 00102ddc40708GENERALIINV2017aBogotabBogotad2002-06-18eAmazong20000.00l0oLB-363.70561 P85ep004952r2012-12-04 00:00:00tEj. 1w2012-12-04xComprayLIBRO